Regesto delle lettere dei papi del secolo VIII : (Record n. 26001)

Dettagli MARC
000 -LEADER
fixed length control field 01010nam a2200265 i 4500
003 - CONTROL NUMBER IDENTIFIER
control field IT-RoINE
005 - DATE AND TIME OF LATEST TRANSACTION
control field 20200715095345.0
008 - FIXED-LENGTH DATA ELEMENTS--GENERAL INFORMATION
fixed length control field A10218s1984 it f |r 000|||ita|d
020 ## - INTERNATIONAL STANDARD BOOK NUMBER
International Standard Book Number 8834330013
040 ## - CATALOGING SOURCE
Original cataloging agency BUS
Transcribing agency IT-RoINE
Modifying agency IT-RoINE
100 1# - MAIN ENTRY--PERSONAL NAME
Personal name Conte, Pietro,
Dates associated with a name 1931-
9 (RLIN) 51572
245 10 - TITLE STATEMENT
Title Regesto delle lettere dei papi del secolo VIII :
Remainder of title saggi /
Statement of responsibility, etc Pietro Conte.
260 ## - PUBLICATION, DISTRIBUTION, ETC. (IMPRINT)
Place of publication, distribution, etc Milano :
Name of publisher, distributor, etc Vita e Pensiero,
Date of publication, distribution, etc 1984.
300 ## - PHYSICAL DESCRIPTION
Extent 247 p., [4] h. de lám. pleg. ;
Dimensions 23 cm.
336 ## - CONTENT TYPE
Source rdacontent
Content type term text
337 ## - MEDIA TYPE
Source rdamedia
Media type term unmediated
338 ## - CARRIER TYPE
Source rdacarrier
Carrier type term volume
490 1# - SERIES STATEMENT
Series statement Pubblicazioni dell'Università Cattolica del Sacro Cuore.
500 ## - GENERAL NOTE
General note Bajo al tít.: Pubblicazioni della Università cattolica del Sacro Cuore.
504 ## - BIBLIOGRAPHY, ETC. NOTE
Bibliography, etc Bibliografía: p. [21]-28.
650 #4 - SUBJECT ADDED ENTRY--TOPICAL TERM
Topical term or geographic name as entry element Papas
General subdivision Historia
-- Fuentes
9 (RLIN) 33796
710 2# - ADDED ENTRY--CORPORATE NAME
9 (RLIN) 5001
Corporate name or jurisdiction name as entry element Università cattolica del Sacro Cuore (Milán, Italia)
830 #0 - SERIES ADDED ENTRY--UNIFORM TITLE
9 (RLIN) 51573
Uniform title Pubblicazioni dell'Università cattolica del Sacro Cuore
942 ## - ADDED ENTRY ELEMENTS (KOHA)
Item type Monografías
Dati di copia
Withdrawn status Lost status Damaged status Not for loan Home library Current library Date acquired Total Checkouts Full call number Barcode Date last seen Price effective from Koha item type
        Iglesia Nacional Española en Roma Iglesia Nacional Española en Roma 11/07/2018   HIS.ECL 201 51594 11/07/2018 11/07/2018 Monografías